000 00906 a2200193 4500
003 Nust
005 20230222124748.0
040 _cNust
082 _a621.3822,SIN
100 _aSinha Umesh
_9102370
245 _aAntenna and Wave Propagation /
_cSinha Umesh
250 _a2nd ed
260 _aMcGraw-Hill Book Company
_bIndia
_c1992
300 _axi, 939 p
_billus
_c24 cm
505 _aMicrowave Antenna (Page-15), Broadband Antenna (Page-112), Receiving Antennas (Page-210), Antenna Measurements (Page-350), Design and Construction of Antennas (Page-435), Misc Antennas (Page-712), Wave Propagation (Page-731), Ground Wave Propagation (Page-744), Sky Wave Propagation (Page-772), Space Wave Propagation (Page-808), Troposcatter and Sporadic-E-Propagation (Page-834), Satellite Communication (Page-861).
600 _aSinha Umesh
_9102370
650 _aTelecommunication engineering
942 _2ddc
_cBK
999 _c182908
_d182908